[Event "Munich op-A 2nd"]
[Site "Munich"]
[Date "2024.05.31"]
[Round "7"]
[White "Morchiashvili, Bachana"]
[Black "Bromberger, Stefan"]
[Result "0-1"]
[WhiteElo "2291"]
[BlackElo "2485"]
[PlyCount "82"]
[EventDate "2024.05.26"]
[EventType "swiss"]
[EventRounds "9"]
[EventCountry "GER"]
[SourceTitle "CBM 220 Extra"]
[Source "ChessBase"]
[SourceDate "2024.07.31"]
[SourceVersion "1"]
[SourceVersionDate "2024.07.31"]
[SourceQuality "1"]

1. d4 Nf6 2. c4 e6 3. Nf3 d5 4. Nc3 c6 5. Bg5 h6 6. Bh4 dxc4 7. e4 g5 8. Bg3 b5 9. Be2 Bb7 10. 0-0 Nbd7 11. Ne5 h5 12. Nxd7 Qxd7 13. Be5 Rh6 14. f3 Qe7 15. Qc2 a6 16. a4 Nd7 17. Bg3 Bg7 18. Rad1 c5 19. d5 Bd4+ 20. Bf2 b4 21. dxe6 Rxe6 22. Nb1 Ne5 23. Bxc4 Rd6 24. Nd2 Bxf2+ 25. Kxf2 Rad8 26. Be2 Qf6 27. Kg1 Qf4 28. Nb3 Qe3+ 29. Kh1 Rxd1 30. Rxd1 c4 31. Rxd8+ Kxd8 32. Na5 b3 33. Qd1+ Kc7 34. Nxc4 Nxc4 35. Bxc4 f5 36. exf5 g4 37. fxg4 h4 38. Be2 h3 39. Bf3 Bxf3 40. gxf3 Qf2 41. Qc1+ Kb7 0-1

[Event "Munich op-A 2nd"]
[Site "Munich"]
[Date "2024.05.27"]
[Round "2"]
[White "Bromberger, Stefan"]
[Black "Dobrocmyslov, Artem"]
[Result "1-0"]
[WhiteElo "2485"]
[BlackElo "2298"]
[PlyCount "73"]
[EventDate "2024.05.26"]
[EventType "swiss"]
[EventRounds "9"]
[EventCountry "GER"]
[SourceTitle "CBM 220 Extra"]
[Source "ChessBase"]
[SourceDate "2024.07.31"]
[SourceVersion "1"]
[SourceVersionDate "2024.07.31"]
[SourceQuality "1"]

1. e4 c5 2. Nf3 e6 3. d4 cxd4 4. Nxd4 Nc6 5. Nc3 Qc7 6. Be3 a6 7. g4 b5 8. Nxc6 dxc6 9. Qf3 Bb4 10. 0-0-0 e5 11. a3 Bxc3 12. bxc3 Qe7 13. Kb2 a5 14. Bb6 Be6 15. Qe3 Nf6 16. g5 Nd7 17. Bc7 0-0 18. Bd6 Qd8 19. Bxe5 b4 20. cxb4 axb4 21. axb4 Ra2+ 22. Kb1 Qa8 23. Bb2 Rb8 24. Qc3 Rxb2+ 25. Kxb2 Qa4 26. Ra1 Nc5 27. Qxc5 Rxb4+ 28. Kc3 Qxa1+ 29. Kxb4 Qe1+ 30. c3 Qxe4+ 31. Qd4 Qb1+ 32. Kc5 Bd5 33. Bc4 Qxh1 34. Bxd5 cxd5 35. Qxd5 Qxd5+ 36. Kxd5 Kf8 37. Kd6 1-0

[Event "BL2-Ost 2223"]
[Site "Germany"]
[Date "2023.03.19"]
[Round "10.1"]
[White "Bromberger, Stefan"]
[Black "Stocek, Jiri"]
[Result "1/2-1/2"]
[WhiteElo "2479"]
[BlackElo "2555"]
[PlyCount "45"]
[EventDate "2022.10.22"]
[EventType "team-tourn"]
[EventRounds "10"]
[EventCountry "GER"]
[SourceTitle "EXT 2024"]
[Source "ChessBase"]
[SourceDate "2023.10.10"]
[SourceVersion "1"]
[SourceVersionDate "2023.10.10"]
[SourceQuality "1"]
[WhiteTeam "Muenchen Zugzwang"]
[BlackTeam "Regensburg Bavaria"]
[WhiteTeamCountry "GER"]
[BlackTeamCountry "GER"]

1. e4 d5 2. exd5 Qxd5 3. Nc3 Qd6 4. d4 Nf6 5. Nf3 c6 6. Ne5 Nbd7 7. Nc4 Qc7 8. Qf3 Nb6 9. Bf4 Qd8 10. Be5 Be6 11. Ne3 g6 12. d5 Nbxd5 13. Nexd5 Bxd5 14. Nxd5 Qxd5 15. Qxd5 cxd5 16. Bb5+ Kd8 17. Bxf6 exf6 18. 0-0-0 Kc7 19. Rxd5 Bh6+ 20. Kb1 Rad8 21. Rhd1 Rxd5 22. Rxd5 a6 23. Bf1 1/2-1/2

[Event "Augsburg Gutmann Memorial 7th"]
[Site "Augsburg"]
[Date "2022.12.29"]
[Round "3"]
[White "Bromberger, Stefan"]
[Black "Rozentalis, Eduardas"]
[Result "1/2-1/2"]
[WhiteElo "2472"]
[BlackElo "2510"]
[PlyCount "146"]
[EventDate "2022.12.27"]
[EventType "tourn"]
[EventRounds "10"]
[EventCountry "GER"]
[EventCategory "10"]
[SourceTitle "CBM 212 Extra"]
[Source "ChessBase"]
[SourceDate "2023.03.31"]
[SourceVersion "1"]
[SourceVersionDate "2023.03.31"]
[SourceQuality "1"]

1. d4 Nf6 2. c4 e6 3. Nf3 b6 4. g3 Bb7 5. Bg2 Be7 6. 0-0 0-0 7. Nc3 Ne4 8. Bd2 Bf6 9. Rc1 d6 10. d5 Bxc3 11. Bxc3 Nxc3 12. Rxc3 e5 13. Nd2 Nd7 14. f4 Qe7 15. f5 Nf6 16. Ne4 Rac8 17. Qd2 c6 18. dxc6 Bxc6 19. Qxd6 Qxd6 20. Nxd6 Rc7 21. Rd3 Rd8 22. b3 Kf8 23. Rfd1 Ke7 24. Bxc6 Rxc6 25. Nb5 Rxd3 26. exd3 a6 27. Nc3 Rd6 28. Kf2 Kd7 29. Ke2 Rd4 30. h3 Kc6 31. Ke3 b5 32. g4 h6 33. Ne2 Rd7 34. Rc1 Kc5 35. cxb5+ Kxb5 36. Rc4 Nd5+ 37. Kd2 Kb6 38. Re4 f6 39. a3 a5 40. d4 Ne7 41. Kc2 Nc6 42. dxe5 Nxe5 43. Rd4 Re7 44. Nf4 Nc6 45. Rd3 Re4 46. Nh5 Re7 47. Kd2 Ne5 48. Rd5 Nf3+ 49. Kc3 Ng5 50. Nf4 Re1 51. Rd6+ Kc7 52. Rd3 Kc6 53. Nh5 Ne4+ 54. Kd4 Nc5 55. Re3 Rb1 56. Nxg7 Nxb3+ 57. Kc3 Nc5 58. Kc2 Rh1 59. Ne8 Nd7 60. Rc3+ Kb6 61. Re3 Kc5 62. Rc3+ Kb6 63. Rd3 Nc5 64. Re3 Nd7 65. Kd3 Kc5 66. Ke4 Rd1 67. Rc3+ Kb6 68. Kf4 a4 69. Rc4 Rf1+ 70. Kg3 Re1 71. Nxf6 Nxf6 72. Rxa4 Re3+ 73. Kg2 Ne4 1/2-1/2

[Event "BL2-Ost 2122"]
[Site "Germany"]
[Date "2022.07.03"]
[Round "10.2"]
[White "Zajogin, Alexander"]
[Black "Bromberger, Stefan"]
[Result "1/2-1/2"]
[WhiteElo "2409"]
[BlackElo "2481"]
[PlyCount "68"]
[EventDate "2022.03.05"]
[EventType "team-tourn"]
[EventRounds "10"]
[EventCountry "GER"]
[SourceTitle "EXT 2023"]
[Source "ChessBase"]
[SourceDate "2022.10.05"]
[SourceVersion "1"]
[SourceVersionDate "2022.10.05"]
[SourceQuality "1"]
[WhiteTeam "Bayern Muenchen II"]
[BlackTeam "Muenchen Zugzwang"]
[WhiteTeamCountry "GER"]
[BlackTeamCountry "GER"]

1. d4 Nf6 2. Nf3 g6 3. Nbd2 d5 4. c4 c5 5. dxc5 Bg7 6. e3 0-0 7. Nb3 Be6 8. Nfd4 Bg4 9. Be2 Bxe2 10. Qxe2 e5 11. Nb5 Nc6 12. 0-0 d4 13. exd4 exd4 14. Rd1 Re8 15. Qf1 Ne4 16. f3 a6 17. fxe4 axb5 18. cxb5 Ne5 19. Nxd4 Ng4 20. Nf3 Qe7 21. Qc4 Ra4 22. Qxa4 Qxc5+ 23. Nd4 Rd8 24. Be3 Nxe3 25. Nb3 Rxd1+ 26. Rxd1 Qc2 27. Rd8+ Bf8 28. Rd2 Qb1+ 29. Kf2 Ng4+ 30. Ke2 Nxh2 31. Rd1 Qc2+ 32. Rd2 Qb1 33. Rd1 Qc2+ 34. Rd2 Qb1 1/2-1/2

[Event "BL2-Ost 2122"]
[Site "Germany"]
[Date "2022.06.18"]
[Round "7.2"]
[White "Bromberger, Stefan"]
[Black "Schneider, Jana"]
[Result "1/2-1/2"]
[WhiteElo "2481"]
[BlackElo "2338"]
[PlyCount "107"]
[EventDate "2022.03.05"]
[EventType "team-tourn"]
[EventRounds "10"]
[EventCountry "GER"]
[SourceTitle "EXT 2023"]
[Source "ChessBase"]
[SourceDate "2022.10.05"]
[SourceVersion "1"]
[SourceVersionDate "2022.10.05"]
[SourceQuality "1"]
[WhiteTeam "Muenchen Zugzwang"]
[BlackTeam "Regensburg Bavaria"]
[WhiteTeamCountry "GER"]
[BlackTeamCountry "GER"]

1. Nf3 d5 2. d4 Nf6 3. c4 e6 4. Nc3 a6 5. c5 b6 6. cxb6 c5 7. Bf4 Bd6 8. Bxd6 Qxd6 9. Rc1 Nbd7 10. e3 Qxb6 11. b3 Ne4 12. Nxe4 dxe4 13. dxc5 Nxc5 14. Qd4 Nd3+ 15. Bxd3 Qxd4 16. Nxd4 exd3 17. Kd2 e5 18. Nc6 e4 19. f3 f5 20. Rc5 0-0 21. Rhc1 Bd7 22. Ne7+ Kh8 23. Rd5 Bc8 24. Rc7 Rb8 25. Rdc5 Be6 26. R7c6 Bd7 27. Rc7 Be6 28. R5c6 Bf7 29. Rxa6 Bh5 30. f4 Bf7 31. Raa7 g6 32. Nc6 Rbc8 33. Nd4 Kg8 34. a4 Rxc7 35. Rxc7 Rb8 36. Kc3 d2 37. Kxd2 Bxb3 38. Nxb3 Rxb3 39. Rc3 Rb2+ 40. Rc2 Rb6 41. a5 Ra6 42. Ra2 Kf7 43. Kc3 Ke7 44. Kd4 Kd6 45. g4 fxg4 46. Kxe4 Ke6 47. Kd4 Kf5 48. Kc5 Ke4 49. Kb5 Ra8 50. Rg2 h5 51. Rg3 Rb8+ 52. Kc6 Ra8 53. Kb6 Rb8+ 54. Kc6 1/2-1/2

[Event "BL2-Ost 2122"]
[Site "Germany"]
[Date "2022.03.05"]
[Round "1.4"]
[White "Bromberger, Stefan"]
[Black "Bogosavljevic, Boban"]
[Result "0-1"]
[WhiteElo "2481"]
[BlackElo "2527"]
[PlyCount "112"]
[EventDate "2022.03.05"]
[EventType "team-tourn"]
[EventRounds "10"]
[EventCountry "GER"]
[SourceTitle "EXT 2023"]
[Source "ChessBase"]
[SourceDate "2022.10.05"]
[SourceVersion "1"]
[SourceVersionDate "2022.10.05"]
[SourceQuality "1"]
[WhiteTeam "Muenchen Zugzwang"]
[BlackTeam "Deggendorf"]
[WhiteTeamCountry "GER"]
[BlackTeamCountry "GER"]

1. e4 c5 2. Nf3 Nc6 3. d4 cxd4 4. Nxd4 Nf6 5. Nc3 d6 6. Bg5 g6 7. Bxf6 exf6 8. Bb5 Bd7 9. 0-0 Bg7 10. Ba4 0-0 11. Nxc6 Bxc6 12. Qd3 Qd7 13. Bxc6 bxc6 14. Rad1 Rad8 15. b3 Rfe8 16. Ne2 Re5 17. Ng3 Ra5 18. a4 h5 19. h4 Qg4 20. Qc3 Re5 21. Qxc6 Qxh4 22. Qc7 Ree8 23. Qxa7 Qg4 24. Rd4 f5 25. e5 Qg5 26. Rxd6 Bxe5 27. Rxd8 Qxd8 28. Qb7 h4 29. Ne2 Bb8 30. Qf3 Qd2 31. Nc1 Qd6 32. Qh3 Qd2 33. Qxh4 Kg7 34. Nd3 Rh8 35. Qd4+ Kg8 36. Re1 Bh2+ 37. Kf1 Be5 38. Qd8+ Kg7 39. Qxh8+ Kxh8 40. Nxe5 Kg7 41. g3 Qxc2 42. Re3 Qd1+ 43. Kg2 Qd5+ 44. Kh2 g5 45. Nc4 f4 46. gxf4 gxf4 47. Rh3 Qc5 48. Kg1 Qf5 49. Kh2 Qc2 50. Rf3 Qe4 51. Kg2 Qd5 52. Nb2 Qf5 53. Rd3 Qf6 54. Rd2 f3+ 55. Kf1 Qh6 56. Ke1 Qh1# 0-1

[Event "BL2-Ost 1920"]
[Site "Germany"]
[Date "2021.08.08"]
[Round "10.5"]
[White "Bromberger, Stefan"]
[Black "Weishaeutel, Moritz"]
[Result "1-0"]
[WhiteElo "2481"]
[BlackElo "2260"]
[PlyCount "95"]
[EventDate "2019.10.19"]
[EventType "team-tourn"]
[EventRounds "11"]
[EventCountry "GER"]
[SourceTitle "EXT 2023"]
[Source "ChessBase"]
[SourceDate "2022.10.05"]
[SourceVersion "1"]
[SourceVersionDate "2022.10.05"]
[SourceQuality "1"]
[WhiteTeam "Zugzwang MSA"]
[BlackTeam "Erfurt"]
[WhiteTeamCountry "GER"]
[BlackTeamCountry "GER"]

1. d4 Nf6 2. c4 c5 3. d5 b5 4. cxb5 a6 5. bxa6 g6 6. Nc3 Bg7 7. e4 0-0 8. Nf3 Qa5 9. Nd2 Bxa6 10. Be2 d6 11. 0-0 Nfd7 12. Ndb1 Rc8 13. Re1 c4 14. Bg5 Qc7 15. Na3 Qb7 16. Qd2 Ne5 17. Reb1 Qd7 18. Nc2 Qb7 19. Ne1 Re8 20. Be3 f5 21. exf5 gxf5 22. f4 Ng6 23. Nf3 Rf8 24. Ng5 Nd7 25. Ne6 Rf7 26. Ng5 Rff8 27. Ne6 Rf7 28. Nxg7 Rxg7 29. Bd4 e5 30. fxe5 dxe5 31. Be3 Nh4 32. Kh1 Rxg2 33. Rg1 Rxg1+ 34. Rxg1+ Ng6 35. h4 f4 36. Bf2 Kh8 37. Bf3 Rg8 38. h5 Ne7 39. Rxg8+ Nxg8 40. Ne4 Ndf6 41. Nxf6 Nxf6 42. Bh4 Ne8 43. h6 Qb6 44. d6 Qxd6 45. Qxd6 Nxd6 46. Bd5 Ne8 47. Kg2 e4 48. Be1 1-0

[Event "Bundesliga 1819"]
[Site "Germany"]
[Date "2018.11.11"]
[Round "2.2"]
[White "Maze, Sebastien"]
[Black "Bromberger, Stefan"]
[Result "0-1"]
[WhiteElo "2602"]
[BlackElo "2474"]
[PlyCount "98"]
[EventDate "2018.11.10"]
[EventType "team-tourn"]
[EventRounds "15"]
[EventCountry "GER"]
[SourceTitle "CBM 187 Extra"]
[Source "ChessBase"]
[SourceDate "2018.11.04"]
[SourceVersion "1"]
[SourceVersionDate "2018.11.04"]
[SourceQuality "1"]
[WhiteTeam "Viernheim"]
[BlackTeam "Muenchen Zugzwang"]
[WhiteTeamCountry "GER"]
[BlackTeamCountry "GER"]

1. e4 e5 2. Nf3 Nc6 3. Bc4 Nf6 4. d3 Be7 5. 0-0 0-0 6. Nc3 d6 7. a3 h6 8. Re1 Re8 9. h3 Bf8 10. b4 a6 11. Bb3 Be6 12. Nd5 Nb8 13. c4 Nbd7 14. Bb2 b5 15. Rc1 c6 16. Nxf6+ Nxf6 17. d4 bxc4 18. dxe5 Nxe4 19. Bxc4 d5 20. Bd3 c5 21. bxc5 Nxc5 22. Nd4 Qg5 23. Re3 Rab8 24. Rc2 Bd7 25. Rce2 Nxd3 26. Qxd3 Bxh3 27. Rg3 Qf4 28. Rf3 Qg5 29. Rg3 Bg4 30. f3 Rxb2 31. Rxg4 Qc1+ 32. Kh2 h5 33. Rxb2 hxg4 34. Qd2 Qxd2 35. Rxd2 Rxe5 36. fxg4 Bxa3 37. Nf3 Re6 38. Rxd5 Rd6 39. Re5 Rd8 40. Ra5 Bd6+ 41. Kh3 Ra8 42. Nd4 Bc7 43. Ra4 a5 44. g5 g6 45. Nc6 Kg7 46. Kg4 Ra6 47. Nd4 Rb6 48. Kf3 Be5 49. Nc2 Rb5 0-1

[Event "Bundesliga 1718"]
[Site "Germany"]
[Date "2018.02.24"]
[Round "9.3"]
[White "Bromberger, Stefan"]
[Black "Fridman, Daniel"]
[Result "1/2-1/2"]
[WhiteElo "2505"]
[BlackElo "2626"]
[PlyCount "87"]
[EventDate "2017.10.21"]
[EventType "team-tourn"]
[EventRounds "15"]
[EventCountry "GER"]
[SourceTitle "CBM 183"]
[Source "ChessBase"]
[SourceDate "2018.03.14"]
[SourceVersion "1"]
[SourceVersionDate "2018.03.14"]
[SourceQuality "1"]
[WhiteTeam "Muenchen Zugzwang"]
[BlackTeam "Muelheim"]
[WhiteTeamCountry "GER"]
[BlackTeamCountry "GER"]

1. d4 d5 2. c4 e6 3. Nc3 Nf6 4. Nf3 Be7 5. Bf4 0-0 6. e3 Nbd7 7. Be2 dxc4 8. 0-0 a6 9. a4 c5 10. d5 exd5 11. Nxd5 Nxd5 12. Qxd5 Nf6 13. Qe5 Qe8 14. Bxc4 Bd7 15. a5 Bc6 16. Rfd1 Ne4 17. Qf5 g6 18. Qh3 Bf6 19. Bh6 Bxb2 20. Bxf8 Bxa1 21. Bxc5 Bf6 22. Bd4 Kg7 23. Bxf6+ Nxf6 24. Ng5 Qc8 25. Nxf7 Qxh3 26. gxh3 Re8 27. Nd8 Bd7 28. Nxb7 Bxh3 29. Bxa6 Re5 30. f4 Rxe3 31. Rd3 Re1+ 32. Kf2 Rf1+ 33. Ke2 Bg2 34. Rg3 Bxb7 35. Bxb7 Ra1 36. a6 Nd7 37. Rd3 Nc5 38. Rd6 Kf7 39. Rc6 Ne6 40. Rc4 Ke7 41. Kd3 Kd6 42. Rc8 Nxf4+ 43. Kc4 Ne6 44. Rh8 1/2-1/2

[Event "AUT-chT 1718"]
[Site "Austria"]
[Date "2018.01.21"]
[Round "8.2"]
[White "Bromberger, Stefan"]
[Black "Predojevic, Borki"]
[Result "0-1"]
[WhiteElo "2503"]
[BlackElo "2625"]
[PlyCount "48"]
[EventDate "2017.11.16"]
[EventType "team-tourn"]
[EventRounds "11"]
[EventCountry "AUT"]
[SourceTitle "EXT 2019"]
[Source "ChessBase"]
[SourceDate "2018.10.10"]
[SourceVersion "1"]
[SourceVersionDate "2018.10.10"]
[SourceQuality "1"]
[WhiteTeam "Salzburg Royal"]
[BlackTeam "Maria Saal"]
[WhiteTeamCountry "AUT"]
[BlackTeamCountry "AUT"]

1. e4 e5 2. Nf3 Nc6 3. d4 exd4 4. Nxd4 Qf6 5. Be3 Bc5 6. c3 Nge7 7. Bc4 Ne5 8. Bb3 Qg6 9. 0-0 d5 10. Bf4 Bh3 11. Bg3 h5 12. Ba4+ c6 13. exd5 h4 14. Bc2 f5 15. Qe2 hxg3 16. fxg3 Bxg2 17. Kxg2 Ng4 18. Bxf5 Rxh2+ 19. Kf3 Ne5+ 20. Qxe5 Qh5+ 21. g4 Qh3+ 22. Kf4 g5+ 23. Ke4 Re2+ 24. Nxe2 Qe3# 0-1

[Event "AUT-chT 1718"]
[Site "Austria"]
[Date "2018.01.19"]
[Round "6.1"]
[White "Bromberger, Stefan"]
[Black "Banusz, Tamas"]
[Result "1/2-1/2"]
[WhiteElo "2503"]
[BlackElo "2616"]
[PlyCount "60"]
[EventDate "2017.11.16"]
[EventType "team-tourn"]
[EventRounds "11"]
[EventCountry "AUT"]
[SourceTitle "EXT 2019"]
[Source "ChessBase"]
[SourceDate "2018.10.10"]
[SourceVersion "1"]
[SourceVersionDate "2018.10.10"]
[SourceQuality "1"]
[WhiteTeam "Salzburg Royal"]
[BlackTeam "Wien Ottakring"]
[WhiteTeamCountry "AUT"]
[BlackTeamCountry "AUT"]

1. e4 c5 2. Nf3 Nc6 3. d4 cxd4 4. Nxd4 Nf6 5. Nc3 e5 6. Ndb5 d6 7. Bg5 a6 8. Na3 b5 9. Nd5 Be7 10. Bxf6 Bxf6 11. c3 Bg5 12. Nc2 Rb8 13. a4 bxa4 14. Ncb4 Nxb4 15. cxb4 0-0 16. Rxa4 a5 17. b5 Bd7 18. Nc3 d5 19. Nxd5 Be7 20. Qd2 Bxb5 21. Bxb5 Rxb5 22. Nxe7+ Qxe7 23. Rxa5 Qb7 24. 0-0 Rxa5 25. Qxa5 Qxb2 26. Qa1 Qxa1 27. Rxa1 Rd8 28. g3 f6 29. Kg2 Rd7 30. h4 h5 1/2-1/2

[Event "Bundesliga 1718"]
[Site "Germany"]
[Date "2017.12.10"]
[Round "6.2"]
[White "Bromberger, Stefan"]
[Black "Schroeder, Jan Christian"]
[Result "0-1"]
[WhiteElo "2505"]
[BlackElo "2552"]
[PlyCount "48"]
[EventDate "2017.10.21"]
[EventType "team-tourn"]
[EventRounds "15"]
[EventCountry "GER"]
[SourceTitle "CBM 182"]
[Source "ChessBase"]
[SourceDate "2018.01.17"]
[SourceVersion "1"]
[SourceVersionDate "2018.01.17"]
[SourceQuality "1"]
[WhiteTeam "Muenchen Zugzwang"]
[BlackTeam "Hofheim"]
[WhiteTeamCountry "GER"]
[BlackTeamCountry "GER"]

1. e4 e5 2. Nf3 Nc6 3. d4 exd4 4. Nxd4 Nf6 5. Nxc6 bxc6 6. e5 Qe7 7. Qe2 Nd5 8. c4 Nb6 9. Nc3 Ba6 10. Qe4 0-0-0 11. Bd2 f6 12. c5 Bxf1 13. cxb6 Ba6 14. bxc7 Re8 15. 0-0-0 fxe5 16. Qa4 Kb7 17. Rhe1 d5 18. Nxd5 cxd5 19. Re3 Bc4 20. Rb3+ Bxb3 21. Qxb3+ Kc8 22. Qb8+ Kd7 23. Bc3 Qc5 24. Kb1 Bd6 0-1

[Event "Bundesliga 1617"]
[Site "Germany"]
[Date "2017.02.18"]
[Round "7.1"]
[White "McShane, Luke J"]
[Black "Bromberger, Stefan"]
[Result "1-0"]
[WhiteElo "2655"]
[BlackElo "2535"]
[PlyCount "71"]
[EventDate "2016.10.15"]
[EventType "team-tourn"]
[EventRounds "15"]
[EventCountry "GER"]
[SourceTitle "CBM 177"]
[Source "ChessBase"]
[SourceDate "2017.03.16"]
[SourceVersion "1"]
[SourceVersionDate "2017.03.16"]
[SourceQuality "1"]
[WhiteTeam "Werder Bremen"]
[BlackTeam "Muenchen Zugzwang"]
[WhiteTeamCountry "GER"]
[BlackTeamCountry "GER"]

1. e4 e5 2. Nf3 Nc6 3. Bc4 Nf6 4. d3 Be7 5. Bb3 0-0 6. 0-0 a5 7. c3 d5 8. Nbd2 b5 9. a4 b4 10. Re1 bxc3 11. bxc3 Ba6 12. exd5 Nxd5 13. Ne4 Rb8 14. Ba2 Nf6 15. Ng3 Bxd3 16. Nxe5 Nxe5 17. Rxe5 Bd6 18. Re1 Bg6 19. Be3 h5 20. Bd4 h4 21. Nf1 c5 22. Bxf6 Qxf6 23. Ne3 Rb2 24. Ng4 Qg5 25. Qxd6 Qxg4 26. Bd5 Qf5 27. Qxc5 h3 28. c4 hxg2 29. Rad1 Rc8 30. Qd4 Rb4 31. Re5 Qf6 32. Rde1 Rxa4 33. Qg4 Rf8 34. Re8 Bf5 35. Qh5 Be6 36. R1xe6 1-0

[Event "Rilton Cup 46th"]
[Site "Stockholm"]
[Date "2016.12.30"]
[Round "4"]
[White "Furhoff, Johan"]
[Black "Bromberger, Stefan"]
[Result "0-1"]
[WhiteElo "2311"]
[BlackElo "2525"]
[PlyCount "38"]
[EventDate "2016.12.27"]
[EventType "swiss"]
[EventRounds "9"]
[EventCountry "SWE"]
[SourceTitle "CBM 176 Extra"]
[Source "ChessBase"]
[SourceDate "2017.03.02"]
[SourceVersion "1"]
[SourceVersionDate "2017.03.02"]
[SourceQuality "1"]

1. e4 e5 2. f4 exf4 3. Nf3 g5 4. d4 g4 5. Ne5 Qh4+ 6. g3 fxg3 7. Qxg4 Qxg4 8. Nxg4 Nc6 9. c3 d5 10. exd5 Nxd4 11. cxd4 Bxg4 12. hxg3 0-0-0 13. Nc3 Ne7 14. Bg5 Bg7 15. Bxe7 Rhe8 16. Rxh7 Rxe7+ 17. Kd2 Bxd4 18. Bd3 Bxc3+ 19. Kxc3 Re3 0-1

[Event "Rilton Cup 46th"]
[Site "Stockholm"]
[Date "2016.12.29"]
[Round "3"]
[White "Bromberger, Stefan"]
[Black "Hejazipour, Mitra"]
[Result "1/2-1/2"]
[WhiteElo "2525"]
[BlackElo "2307"]
[PlyCount "61"]
[EventDate "2016.12.27"]
[EventType "swiss"]
[EventRounds "9"]
[EventCountry "SWE"]
[SourceTitle "CBM 176 Extra"]
[Source "ChessBase"]
[SourceDate "2017.03.02"]
[SourceVersion "1"]
[SourceVersionDate "2017.03.02"]
[SourceQuality "1"]

1. e4 c5 2. Nf3 d6 3. d4 cxd4 4. Nxd4 Nf6 5. Nc3 a6 6. h3 e5 7. Nde2 h5 8. Bg5 Be6 9. Bxf6 Qxf6 10. Nd5 Qd8 11. Nec3 g6 12. Bc4 Bh6 13. 0-0 0-0 14. Qd3 Nc6 15. a4 Rc8 16. Ba2 Nd4 17. a5 Kg7 18. Nb6 Rc5 19. Bc4 Bxc4 20. Nxc4 Nxc2 21. Qxc2 Rxc4 22. Qb3 Qc7 23. Rfd1 Rd8 24. Nd5 Qc6 25. Qf3 Bg5 26. b3 Rc5 27. Qg3 Bf6 28. Qf3 Bg5 29. Qg3 Bf6 30. Qf3 Bg5 31. Qg3 1/2-1/2

[Event "Bundesliga 1617"]
[Site "Germany"]
[Date "2016.12.03"]
[Round "5.6"]
[White "Bromberger, Stefan"]
[Black "Ragger, Markus"]
[Result "0-1"]
[WhiteElo "2535"]
[BlackElo "2700"]
[PlyCount "84"]
[EventDate "2016.10.15"]
[EventType "team-tourn"]
[EventRounds "15"]
[EventCountry "GER"]
[SourceTitle "CBM 176"]
[Source "ChessBase"]
[SourceDate "2017.01.17"]
[SourceVersion "1"]
[SourceVersionDate "2017.01.17"]
[SourceQuality "1"]
[WhiteTeam "Muenchen Zugzwang"]
[BlackTeam "Solingen"]
[WhiteTeamCountry "GER"]
[BlackTeamCountry "GER"]

1. e4 c6 2. d4 d5 3. Nc3 dxe4 4. Nxe4 Bf5 5. Ng3 Bg6 6. h4 h6 7. Nf3 e6 8. Ne5 Bh7 9. Bd3 Bxd3 10. Qxd3 Nd7 11. f4 Be7 12. Bd2 Nxe5 13. fxe5 Bxh4 14. 0-0-0 Bxg3 15. Qxg3 Ne7 16. Bg5 Nf5 17. Qf4 Qd7 18. g4 Ne7 19. Bxe7 Qxe7 20. Rh5 0-0-0 21. c3 c5 22. g5 cxd4 23. gxh6 dxc3 24. Rxd8+ Qxd8 25. bxc3 gxh6 26. Qxf7 Qd5 27. Rxh6 Rxh6 28. Qf8+ Kc7 29. Qxh6 Qxa2 30. Qe3 Qc4 31. Kb2 a5 32. Qe1 a4 33. Ka1 Qb5 34. Qh4 Qxe5 35. Qe7+ Kc6 36. Kb2 Qd5 37. Qe8+ Kb6 38. Kc1 a3 39. Qa4 a2 40. Qb4+ Kc6 41. Qa4+ Kc7 42. Kc2 Qf5+ 0-1

[Event "Munich Krulich Cup"]
[Site "Munich"]
[Date "2016.11.27"]
[Round "10"]
[White "Ragger, Markus"]
[Black "Bromberger, Stefan"]
[Result "1-0"]
[WhiteElo "2680"]
[BlackElo "2535"]
[PlyCount "45"]
[EventDate "2016.11.26"]
[EventType "tourn (rapid)"]
[EventRounds "11"]
[EventCountry "GER"]
[SourceTitle "CBM 175 Extra"]
[Source "ChessBase"]
[SourceDate "2016.12.12"]
[SourceVersion "1"]
[SourceVersionDate "2016.12.12"]
[SourceQuality "1"]

1. d4 Nf6 2. c4 e6 3. Nf3 d5 4. g3 dxc4 5. Bg2 c5 6. 0-0 Nc6 7. Qa4 Bd7 8. Qxc4 cxd4 9. Nxd4 Rc8 10. Nc3 Qb6 11. Nxc6 Bxc6 12. Be3 Bc5 13. Bxc5 Bxg2 14. Bxb6 Rxc4 15. Kxg2 axb6 16. Rfd1 Ke7 17. Rd3 Rhc8 18. Rad1 b5 19. Nxb5 Rb4 20. Nd6 Rc2 21. b3 Nd5 22. a3 Rg4 23. Rxd5 1-0